000 00393nam a2200181Ia 4500
003 IT-RoPAU
008 120407s9999 xx 000 0 und d
040 _aIT-RoPAU
040 _cIT-RoPAU
100 _aG. Rachet
245 _aDictionnaire de la civilisation grecque
250 _aParis
260 _aLarousse
300 _c cm
490 _v1
700 _aM. F. Rachet
942 _cBK
999 _c7345
_d7345